000 00386cam a2200157ua 4500
041 _aeng
_h
082 _a823.308
_bBUN/SH
100 _aBunin, Ivan .
245 _aShadowed paths /
_cIvan Bunin.
_hTextual Documents
250 _a1 /
_b.
260 _aMoscow :
_bForeign Language Publishing House ,
_c1944.
300 _a453 ; .
504 _a
942 _cBK
999 _c6987
_d6987